| 000 | 00879cam a2200277 a 4500 | ||
|---|---|---|---|
| 001 | 1979211 | ||
| 003 | ARRUPE | ||
| 005 | 20150908122805.0 | ||
| 008 | 890203r19891932ctua 000 0 eng | ||
| 010 | _a 89003049 | ||
| 020 | _a0918024714 (alk. paper) | ||
| 020 | _a0918024706 (pbk.) | ||
| 040 |
_aDLC _cDLC _dDLC |
||
| 050 | 0 | 0 |
_aQ175 _b.W54 1989 |
| 082 | 0 | 0 |
_a501 _219 |
| 100 | 1 |
_aWeyl, Hermann, _d1885-1955. _917701 |
|
| 245 | 1 | 4 |
_aThe open world : _bthree lectures on the metaphysical implications of science / _cby Hermann Weyl. |
| 260 |
_aWoodbridge, Conn. : _bOx Bow Press, _c1989, c1960. |
||
| 300 |
_a84 p. : _bill. ; _c22 cm. |
||
| 650 | 0 |
_aScience _xPhilosophy. _919474 |
|
| 650 | 0 |
_aReligion and science. _919475 |
|
| 650 | 0 |
_aCausation. _919476 |
|
| 650 | 0 |
_aInfinite. _915420 |
|
| 906 |
_a7 _bcbc _corignew _d1 _eocip _f19 _gy-gencatlg |
||
| 942 |
_2lcc _cMONOGRAPH |
||
| 999 |
_c123285 _d123285 |
||